| 000 | 00700nam a2200253Ia 4500 | ||
|---|---|---|---|
| 003 | OSt | ||
| 005 | 20221005085933.0 | ||
| 006 | a|||||r|||| 00| 0 | ||
| 007 | ta | ||
| 008 | 221004b |||||||| |||| 00| 0 eng d | ||
| 020 | _a0805014098 (pbk) | ||
| 024 | _a122624 | ||
| 037 |
_bGift, 29/10/2012, _cTextual |
||
| 040 |
_aCRL _cCRL _beng |
||
| 041 |
_2eng _aeng |
||
| 082 | _aO122,3N01w, K7 | ||
| 100 |
_aMalraux Andre _961680 |
||
| 245 | 0 | _aAnti memoirs | |
| 260 |
_aNew York _bHenry Holt and Company USA _c1967 |
||
| 300 |
_a420p. _ccm. |
||
| 650 | _aENGLISH LITERATURE | ||
| 942 |
_hO122,3N01w, K7 _cTEXL _2cc |
||
| 999 |
_c995029 _d995029 |
||